Catálogo

Sistema mexicano de alimentos equivalentes / (Registro nro. 56268)

Detalles MARC
000 -LEADER
fixed length control field 01493cam a2200385 i 4500
001 - CONTROL NUMBER
control field 56268
003 - CONTROL NUMBER IDENTIFIER
control field Mx-PuUPA
005 - DATE AND TIME OF LATEST TRANSACTION
control field 20260410090051.0
008 - FIXED-LENGTH DATA ELEMENTS--GENERAL INFORMATION
fixed length control field 140415s2014 mx ao fr 000 0 spa d
020 ## - INTERNATIONAL STANDARD BOOK NUMBER
International Standard Book Number 9786070079283
040 ## - CATALOGING SOURCE
Description conventions rda
Original cataloging agency Mx-PuUPA
Language of cataloging spa
Transcribing agency Mx-PuUPA
Modifying agency Mx-PuUPA
041 0# - LANGUAGE CODE
Language code of text/sound track or separate title spa
100 1# - MAIN ENTRY--PERSONAL NAME
Personal name Pérez Lizaur, Ana Bertha,
Numeration autor
245 10 - TITLE STATEMENT
Title Sistema mexicano de alimentos equivalentes /
Statement of responsibility, etc. Ana Bertha Pérez Lizaur, Berenice Palacios González
246 3# - VARYING FORM OF TITLE
Title proper/short title smae
250 ## - EDITION STATEMENT
Edition statement Cuarta edición /
Remainder of edition statement revisada
264 #1 - PRODUCTION, PUBLICATION, DISTRIBUTION, MANUFACTURE, AND COPYRIGHT NOTICE
Place of production, publication, distribution, manufacture México, D.F. :
Name of producer, publisher, distributor, manufacturer Fomento de Nutrición y Salud,
Date of production, publication, distribution, manufacture, or copyright notice 2014
300 ## - PHYSICAL DESCRIPTION
Extent 164 páginas :
Other physical details ilustraciones, tablas ;
Dimensions 27 cm
336 ## - CONTENT TYPE
Content type term texto
Fuente rdacontent
Content type code txt
337 ## - MEDIA TYPE
Media type term sin medio
Source rdamedia
Media type code n
338 ## - CARRIER TYPE
Carrier type term volumen
Source rdacarrier
Carrier type code nc
650 #7 - SUBJECT ADDED ENTRY--TOPICAL TERM
Topical term or geographic name entry element Sistema mexicano de alimentos equivalentes
Source of heading or term armarc
650 #7 - SUBJECT ADDED ENTRY--TOPICAL TERM
Topical term or geographic name entry element Alimentos dietéticos
Source of heading or term armarc
Geographic subdivision México
650 #7 - SUBJECT ADDED ENTRY--TOPICAL TERM
Topical term or geographic name entry element Alimentos
Form subdivision Tablas, cálculo, etc
Source of heading or term armarc
650 #7 - SUBJECT ADDED ENTRY--TOPICAL TERM
Topical term or geographic name entry element Alimentos
General subdivision Composición
Geographic subdivision México
Source of heading or term armarc
650 #7 - SUBJECT ADDED ENTRY--TOPICAL TERM
Topical term or geographic name entry element Nutrición
Geographic subdivision México
Source of heading or term armarc
700 1# - ADDED ENTRY--PERSONAL NAME
Personal name Palacios González, Berenice,
Relator term autor
942 ## - ADDED ENTRY ELEMENTS (KOHA)
Source of classification or shelving scheme Dewey Decimal Classification
Koha item type Libro
Classification part 613.20972
Item part P426
Existencias
Withdrawn status Lost status Source of classification or shelving scheme Damaged status Not for loan Collection code Home library Current library Shelving location Date acquired Source of acquisition Total Checkouts Full call number Barcode Date last seen Date last checked out Copy number Price effective from Koha item type
    Dewey Decimal Classification     General Angelópolis Angelópolis Sala general 24/11/2021     613.20212 P426 2014 965000000015 24/11/2021     24/11/2021 Libro
    Dewey Decimal Classification     General Biblioteca Karol Wojtyla Biblioteca Karol Wojtyla Sala general 22/06/2017 Compra 17 613.20972 P426 2014 95469 11/03/2026 03/11/2023 Ej.3 22/06/2017 Libro
    Dewey Decimal Classification     General Biblioteca Karol Wojtyla Biblioteca Karol Wojtyla Sala general 23/02/2017 Compra 1 613.20972 P426 2014 94560 05/01/2026 06/11/2024 Ej.2 22/06/2017 Libro
    Dewey Decimal Classification     General Biblioteca Karol Wojtyla Biblioteca Karol Wojtyla Sala general 23/02/2017 Compra 4 613.20972 P426 2014 94559 05/01/2026 18/03/2025   22/06/2017 Libro
    Dewey Decimal Classification     General Biblioteca Karol Wojtyla Biblioteca Karol Wojtyla Sala general 22/06/2017 Compra 11 613.20972 P426 2014 95470 13/02/2026 29/01/2026 Ej.4 22/06/2017 Libro
    Dewey Decimal Classification     General Cholula Cholula Sala general 24/02/2020     613.20212 P426 2014 964000000015 24/02/2020     24/02/2020 Libro
    Dewey Decimal Classification     General Santa Ana Santa Ana Sala general 17/02/2020     613.20212 P426 2014 966000000003 17/02/2020     17/02/2020 Libro
    Dewey Decimal Classification     General Santiago Santiago Sala general 05/08/2019 Compra   613.20212 P426 2014 960000000009 05/08/2019     05/08/2019 Libro
    Dewey Decimal Classification     General Santiago Santiago Sala general 16/08/2019     613.20212 P426 2014 960000000018 16/08/2019   Ej.2 16/08/2019 Libro